01169nam a2200289 i 4500001001000000003000900010005001700019007000300036008004100039040003000080082002400110100005900134245009400193264005100287300003900338336002800377337003400405338003100439590002800470650002800498650003100526700004900557910003700606942001400643952020500657999001700862000032896DO-SdBNP20250307073710.0ta110801s1949 dr c 000 p spa d aDO-SdBNPbspacBNPHUerda 4aRD861.42bH519p2221 aHenríquez Ureña, Pedro,d1884-1946 eautor9171810aPoesías juveniles /cPedro Henríquez Ureña; colección de E. Rodríguez Demorizi. aBogotá, Colombia :bEspiral Colombia,c1949. a62 páginas :bretratos ;c18 cm. 2rdacontent atextobtxt 2rdamediaasin mediación bn 2rdacarrier avolumen bnc aInventariado, 2019 / DG 4aPoesía dominicana966 0aLiteratura dominicana.9671 aRodríguez Demorizi, E.954199ecolección aValidado. Control de calidad MFF 2ddccLBS1 00102ddc51708PD-RVaBNPHUbBNPHUcHDd2011-08-01eDonaciónoBNPHU PD-RV RD861.42 H519pp32896-10r2020-06-25w2020-06-25yLBS1zPerteneció a la biblioteca personal de Carlos Larrazabal Blanco. c32387d32387